000 00445cam a22001217a 4500
008 180718b1985 xxu||||| |||| 00| 0 eng d
082 _aAPPPA 84-85 ARY
100 _aArya, Krishna
245 _aStructure and functioning of Delhi state industrial development corporation ltd.
_cby Krishna Arya
260 _aNew Delhi
_bIndian Institute of Public Administration
_c1985
300 _a150p.
650 _aDelhi state industrial development corporation
999 _c501361
_d501361